| 000 | 00451nam a22001817a 4500 | ||
|---|---|---|---|
| 003 | CEME | ||
| 005 | 20210628203703.0 | ||
| 008 | 210318b xxu||||| |||| 00| 0 eng d | ||
| 020 | _a0-7506-1813-2 | ||
| 040 | _c. | ||
| 082 | _a005.3 NUG | ||
| 100 |
_aHarris, Stere , Nugus, Sue _966845 |
||
| 245 | _aStep by step word for windows 6.0 | ||
| 260 |
_aOXFORD _bNEW TECH _c1994 |
||
| 300 | _a239P | ||
| 650 |
_a ACC NO-28839 _966846 |
||
| 942 |
_cBK _2ddc |
||
| 999 |
_c574731 _d574731 |
||